LEADER 00849nam0 2200277 450 001 000001667 005 20161130111827.0 010 $a88-203-0050-8 100 $a20000911d1987----km-y0itay50------ba 101 0 $aita 102 $aIT 200 1 $aAstronomia nautica$enavigazione astronomica$fFerdinando Flora 205 $a5. ed. 210 $aMilano$cHoepli$d1987 215 $aXVI, 519 p., 5 p. di tav.$cill.$d24 cm 610 1 $aTopografia 676 $a527 700 1$aFlora,$bFerdinando$028622 801 0$aIT$bUNIPARTHENOPE$gRICA$2UNIMARC 912 $a000001667 951 $cPIST$aP1 527-A/3$b262 O.U.$d20000914 951 $cPIST$aP1 DEP 527-A/4$b261 O.U.$d20000914 951 $cPIST$aP1 DEP 527-A/5$b260 O.U.$d20000914 951 $cPIST$aP1 DEP 527-A/6$b28884$d20000914 996 $aAstronomia nautica$995373 997 $aUNIPARTHENOPE LEADER 00938cam0-22003491i-450- 001 990003088730403321 005 20040712094737.0 010 $a88-420-3681-1 035 $a000308873 035 $aFED01000308873 035 $a(Aleph)000308873FED01 035 $a000308873 100 $a20030910d1990----km-y0itay50------ba 101 0 $aita 102 $aIT 200 1 $a<>grandi famiglie del capitalismo italiano$fStefano Cingolani 210 $aRoma$cLaterza$d1990 215 $a298 p.$d21 cm 225 1 $aStoria e società 676 $aH/2.124 676 $aH/2.14 676 $aN/0.1 676 $a330.12 700 1$aCingolani,$bStefano$f<1949- >$0113062 801 0$aIT$bUNINA$gRICA$2UNIMARC 901 $aBK 912 $a990003088730403321 952 $aN/0.1 CIN$b12695$fSES 952 $aXI A 2672$b40730$fFSPBC 959 $aSES 996 $aGrandi famiglie del capitalismo italiano$9444614 997 $aUNINA